MLB Teams with hints - Statistics

General Stats
  • This quiz has been taken 24 times
  • The average score is 23 of 30
Answer Stats
Hint Answer % Correct
Have 27 World Series wins New York Yankees
100%
Only Team in Canada Toronto Blue Jays
100%
In 2025, they are playing in a minor league stadium Oakland Athletics
91%
This team's city connect jersey has Wrigleyville on the front Chicago Cubs
86%
Won 42 games and lost 121 games in 2024 Chicago White Sox
86%
in 2004, The manager of this team used to play for the Athletics Los Angeles Dodgers
86%
Plays in Camden Yards Baltimore Orioles
82%
This team was the only team Pete Rose played on Cincinnati Reds
82%
Used to be called the Indians Cleveland Guardians
82%
Patrick Mahomes is a part owner of this team Kansas City Royals
82%
Have the highest payroll in MLB with $323.1 million New York Mets
82%
Used to be called the Devil ____ Tampa Bay Rays
82%
Play in Coors Field Colorado Rockies
77%
Started in the NL but got moved to the AL Houston Astros
77%
Roberto Clemente Played on this team for 18 seasons Pittsburgh Pirates
77%
While Bryce Harper was on this team he Hit 12 Home runs against one team Washington Nationals
77%
Won a world series in 2001 against the NYY Arizona Diamondbacks
73%
Mike Schmidt had a WAR of 106.8 on this team Philadelphia Phillies
73%
Only Team Barry Bonds played for San Francisco Giants
73%
Have never won a world series and have never got there Seattle Mariners
73%
President Bush owned the team for a little while Texas Rangers
73%
Had the 2023 NL MVP Atlanta Braves
68%
Beat the St. Louis Cardinals in the 2004 world series Boston Red Sox
68%
Oldest team in MLB to not win a world series Milwaukee Brewers
68%
55 members that are in the MLB hall of fame are from this Team St. Louis Cardinals
68%
Had 4 different stadiums but only one city Detroit Tigers
64%
Began as an expansion team in 1993 Miami Marlins
64%
Logo is an interlocking T and C Minnesota Twins
64%
Have the retired numbers 6, 19, 31, 35, 51 and 42 San Diego Padres
64%
As of 2025 they have a payroll of $192,624,223 12th in the league Los Angeles Angels
50%
No matching quizzes found
Score Distribution
Percent of People with Each Score
Percentile by Number Answered
Your Score History
You have not taken this quiz